[Event "Montigny le Bretonneux-B 11th"]
[Site "Montigny le Bretonneux"]
[Date "2012.10.28"]
[Round "2"]
[White "Mabelly, Rudy"]
[Black "Bouvier, Clement"]
[Result "1-0"]
[WhiteElo "1789"]
[BlackElo "1905"]
[PlyCount "35"]
[EventDate "2012.10.27"]
[EventType "tourn"]
[EventRounds "9"]
[EventCountry "FRA"]
[SourceTitle "EXT 2014"]
[Source "ChessBase"]
[SourceDate "2013.11.20"]
[SourceVersion "1"]
[SourceVersionDate "2013.11.20"]
[SourceQuality "1"]

1. e4 c6 2. d4 d5 3. Nc3 dxe4 4. Nxe4 Bf5 5. Ng3 Bg6 6. Nf3 Nd7 7. h4 h6 8. h5 Bh7 9. Bd3 Bxd3 10. Qxd3 e6 11. Bd2 Qc7 12. c4 Ngf6 13. Bc3 0-0-0 14. 0-0-0 c5 15. d5 exd5 16. cxd5 Bd6 17. Nf5 Ne5 18. Nxd6+ 1-0

[Event "Montigny le Bretonneux Noel op 10th"]
[Site "Montigny le Bretonneux"]
[Date "2007.10.29"]
[Round "3"]
[White "Mabelly, Rudy"]
[Black "Heimann, Udo"]
[Result "1-0"]
[WhiteElo "1980"]
[BlackElo "1919"]
[PlyCount "60"]
[EventDate "2007.12.26"]
[EventType "swiss"]
[EventRounds "7"]
[EventCountry "FRA"]
[SourceTitle "EXT 2008"]
[Source "ChessBase"]
[SourceDate "2007.11.25"]
[SourceVersion "1"]
[SourceVersionDate "2007.11.25"]
[SourceQuality "1"]

1. e4 c5 2. Nf3 d6 3. d4 cxd4 4. Nxd4 Nf6 5. Nc3 a6 6. Be2 e6 7. 0-0 Be7 8. Be3 Qc7 9. f4 Nc6 10. Nb3 0-0 11. Bf3 Rb8 12. Qe1 b5 13. Qf2 Rd8 14. g4 d5 15. g5 Nxe4 16. Nxe4 dxe4 17. Bxe4 f5 18. Bf3 g6 19. Rad1 Bd7 20. Nc5 Bxc5 21. Bxc5 Be8 22. Qe3 Bf7 23. Rxd8+ Nxd8 24. Rd1 Nb7 25. Bd4 Rc8 26. Bxb7 Qxb7 27. Qe5 Kf8 28. Qh8+ Bg8 29. Bc5+ Kf7 30. Qf6+ Ke8 1-0

[Event "Montigny le Bretonneux Noel op 10th"]
[Site "Montigny le Bretonneux"]
[Date "2007.10.27"]
[Round "1"]
[White "Mabelly, Rudy"]
[Black "Pantic, David"]
[Result "0-1"]
[WhiteElo "1980"]
[BlackElo "2026"]
[PlyCount "50"]
[EventDate "2007.12.26"]
[EventType "swiss"]
[EventRounds "7"]
[EventCountry "FRA"]
[SourceTitle "EXT 2008"]
[Source "ChessBase"]
[SourceDate "2007.11.25"]
[SourceVersion "1"]
[SourceVersionDate "2007.11.25"]
[SourceQuality "1"]

1. e4 d6 2. d4 Nf6 3. Nc3 Nbd7 4. Be3 c6 5. Qd2 e5 6. 0-0-0 Be7 7. Be2 Qa5 8. f4 b5 9. dxe5 dxe5 10. fxe5 Nxe5 11. Qd4 Nfd7 12. Bg4 0-0 13. Bxd7 Nxd7 14. Bd2 Bc5 15. Nb1 Qxa2 16. Qc3 b4 17. Qb3 Qxb3 18. cxb3 Ne5 19. Bf4 Ng4 20. Nh3 a5 21. Bd6 Be3+ 22. Nd2 Re8 23. e5 Nxe5 24. Rhe1 Nd3+ 25. Kc2 Nxe1+ 0-1